[Event "SVK-chT1E 1617"]
[Site "Slovakia"]
[Date "2017.02.25"]
[Round "8.3"]
[White "Druska, Robert"]
[Black "Fedorko, Stefan"]
[Result "0-1"]
[WhiteElo "1866"]
[BlackElo "2118"]
[PlyCount "44"]
[EventDate "2016.10.15"]
[EventType "team-tourn"]
[EventRounds "11"]
[EventCountry "SVK"]
[SourceTitle "EXT 2018"]
[Source "ChessBase"]
[SourceDate "2017.10.13"]
[SourceVersion "1"]
[SourceVersionDate "2017.10.13"]
[SourceQuality "1"]
[WhiteTeam "Liptovska Stiavnica"]
[BlackTeam "Bardejov"]
[WhiteTeamCountry "SVK"]
[BlackTeamCountry "SVK"]

1. e4 e5 2. Nf3 Nf6 3. Nc3 Bb4 4. Bc4 d6 5. 0-0 Bg4 6. Nd5 Nxd5 7. Bxd5 c6 8. c3 cxd5 9. Qa4+ Qd7 10. Qxb4 Na6 11. Qb3 Bxf3 12. gxf3 dxe4 13. Qd5 exf3 14. Qxf3 0-0 15. d3 Nc5 16. Qg3 f5 17. d4 f4 18. Qh4 Ne4 19. Re1 Qf5 20. b3 Rf6 21. f3 Rg6+ 22. Kh1 Qh3 0-1

[Event "SVK-chT1E 1415"]
[Site "Slovakia"]
[Date "2014.11.30"]
[Round "4.7"]
[White "Fedorko, Stefan"]
[Black "Foglar, Ivan"]
[Result "1/2-1/2"]
[WhiteElo "2134"]
[BlackElo "1946"]
[PlyCount "48"]
[EventDate "2014.10.18"]
[EventType "team-tourn"]
[EventRounds "11"]
[EventCountry "SVK"]
[SourceTitle "EXT 2016"]
[Source "ChessBase"]
[SourceDate "2015.10.08"]
[SourceVersion "1"]
[SourceVersionDate "2015.10.08"]
[SourceQuality "1"]
[WhiteTeam "Bardejov"]
[BlackTeam "Margecany"]
[WhiteTeamCountry "SVK"]
[BlackTeamCountry "SVK"]

1. d4 d5 2. c4 Nf6 3. Nc3 c6 4. Nf3 a6 5. e3 Bg4 6. b3 e6 7. Be2 Bb4 8. Bd2 Nbd7 9. 0-0 0-0 10. a3 Bxc3 11. Bxc3 b5 12. Rc1 Re8 13. Ne5 Bxe2 14. Qxe2 Nxe5 15. dxe5 Nd7 16. Rfd1 Rc8 17. e4 Qg5 18. g3 Nxe5 19. h4 Qg4 20. Qxg4 Nxg4 21. exd5 exd5 22. cxd5 cxd5 23. Rxd5 Nf6 24. Rdd1 Ne4 1/2-1/2

[Event "SVK-chT1E 1213"]
[Site "Slovakia"]
[Date "2013.03.23"]
[Round "10.1"]
[White "Kopera, Michal"]
[Black "Fedorko, Stefan"]
[Result "0-1"]
[WhiteElo "2082"]
[BlackElo "2142"]
[PlyCount "118"]
[EventDate "2012.10.20"]
[EventType "team-tourn"]
[EventRounds "11"]
[EventCountry "SVK"]
[SourceTitle "EXT 2015"]
[Source "ChessBase"]
[SourceDate "2014.11.20"]
[SourceVersion "1"]
[SourceVersionDate "2014.11.20"]
[SourceQuality "1"]
[WhiteTeam "Zilina Mladost"]
[BlackTeam "Bardejov"]
[WhiteTeamCountry "SVK"]
[BlackTeamCountry "SVK"]

1. e4 e5 2. Nf3 Nf6 3. Nc3 Bb4 4. Bc4 0-0 5. d3 d5 6. exd5 Nxd5 7. Bd2 Nxc3 8. bxc3 Bd6 9. 0-0 Bg4 10. h3 Bh5 11. Rb1 b6 12. Re1 Nd7 13. g4 Bg6 14. Bg5 Qc8 15. Bh4 c6 16. Bg3 Qc7 17. a4 Rfe8 18. Nh4 Rad8 19. Qf3 Nc5 20. Nxg6 hxg6 21. Ra1 Ne6 22. Bxe6 Rxe6 23. Re2 Rf8 24. g5 f6 25. gxf6 gxf6 26. Qe4 Kg7 27. f4 Rfe8 28. f5 gxf5 29. Qxf5 Qf7 30. Re4 Kf8 31. Rh4 Qg8 32. Kh2 R8e7 33. Rh6 Ke8 34. Rxf6 Rxf6 35. Qxf6 Re6 36. Qf5 Kd7 37. Rf1 Be7 38. Bxe5 Kd8 39. d4 Rg6 40. Qe4 Rh6 41. Rf3 Qa2 42. Rg3 Qxa4 43. Bf4 Rh5 44. Rg6 Qc4 45. Qf3 Qd5 46. Qg4 Rh8 47. Re6 a5 48. Re5 Qd7 49. Qg2 a4 50. d5 Bd6 51. Re4 cxd5 52. Rd4 Bxf4+ 53. Rxf4 a3 54. Rf1 Kc7 55. Qg3+ Kb7 56. c4 dxc4 57. Qxa3 Qd2+ 58. Kh1 Qd5+ 59. Qf3 Rxh3+ 0-1

[Event "SVK-chT1E 1213"]
[Site "Slovakia"]
[Date "2012.12.09"]
[Round "4.5"]
[White "Fedorko, Stefan"]
[Black "Galvanek, Ladislav"]
[Result "1/2-1/2"]
[WhiteElo "2142"]
[BlackElo "2017"]
[PlyCount "60"]
[EventDate "2012.10.20"]
[EventType "team-tourn"]
[EventRounds "11"]
[EventCountry "SVK"]
[SourceTitle "EXT 2014"]
[Source "ChessBase"]
[SourceDate "2013.11.20"]
[SourceVersion "1"]
[SourceVersionDate "2013.11.20"]
[SourceQuality "1"]
[WhiteTeam "Bardejov"]
[BlackTeam "Kysucke Nove Mesto"]
[WhiteTeamCountry "SVK"]
[BlackTeamCountry "SVK"]

1. d4 d5 2. c4 e6 3. Nc3 Nf6 4. Nf3 c5 5. e3 Nc6 6. a3 a6 7. dxc5 Bxc5 8. b4 Bd6 9. Bb2 0-0 10. Qb3 dxc4 11. Qxc4 Qe7 12. Rd1 Rd8 13. Bd3 e5 14. Qh4 h6 15. 0-0 Be6 16. Ne4 Nxe4 17. Qxe7 Bxe7 18. Bxe4 f6 19. Nh4 Rxd1 20. Rxd1 Rd8 21. Rxd8+ Bxd8 22. Nf5 a5 23. Bc3 axb4 24. axb4 Bxf5 25. Bxf5 Kf7 26. Be4 Be7 27. b5 Na7 28. Bd5+ Kf8 29. b6 Nc8 30. Bxb7 Nxb6 1/2-1/2

[Event "SVK-chT1E 1112"]
[Site "Slovakia"]
[Date "2011.11.13"]
[Round "4.5"]
[White "Fedorko, Stefan"]
[Black "Toma, Rudolf"]
[Result "0-1"]
[WhiteElo "2148"]
[BlackElo "2083"]
[PlyCount "58"]
[EventDate "2011.10.15"]
[EventType "team-tourn"]
[EventRounds "11"]
[EventCountry "SVK"]
[SourceTitle "EXT 2013"]
[Source "ChessBase"]
[SourceDate "2012.11.22"]
[SourceVersion "1"]
[SourceVersionDate "2012.11.22"]
[SourceQuality "1"]
[WhiteTeam "Bardejov"]
[BlackTeam "Sklene Patriots CC"]
[WhiteTeamCountry "SVK"]
[BlackTeamCountry "SVK"]

1. d4 d5 2. c4 e6 3. Nc3 Nf6 4. Nf3 Be7 5. e3 0-0 6. Bd3 b6 7. 0-0 Bb7 8. b3 Nbd7 9. Bb2 c5 10. Qe2 Rc8 11. Rfd1 Qc7 12. Rac1 Qb8 13. e4 cxd4 14. Nxd4 Bc5 15. Nc2 dxc4 16. bxc4 Ne5 17. Ne3 Nxd3 18. Qxd3 Qf4 19. Ne2 Qxe4 20. Bxf6 gxf6 21. Qxe4 Bxe4 22. Ng4 Kg7 23. Nf4 f5 24. Ne5 Rfd8 25. Nh5+ Kf8 26. Nf6 Ba3 27. Ned7+ Ke7 28. Rc3 Bb2 29. Nxe4 Bxc3 0-1

[Event "SVK-chT 1011"]
[Site "Slovakia"]
[Date "2011.05.06"]
[Round "9.7"]
[White "Fedorko, Stefan"]
[Black "Tropp, Frantisek"]
[Result "1/2-1/2"]
[WhiteElo "2092"]
[BlackElo "2080"]
[PlyCount "50"]
[EventDate "2010.11.27"]
[EventType "team-tourn"]
[EventRounds "11"]
[EventCountry "SVK"]
[SourceTitle "EXT 2012"]
[Source "ChessBase"]
[SourceDate "2011.11.24"]
[SourceVersion "1"]
[SourceVersionDate "2011.11.24"]
[SourceQuality "1"]
[WhiteTeam "Bardejov"]
[BlackTeam "Kezmarok"]
[WhiteTeamCountry "SVK"]
[BlackTeamCountry "SVK"]

1. d4 d5 2. c4 c6 3. Nc3 Nf6 4. Nf3 e6 5. e3 Nbd7 6. Qc2 Bd6 7. g4 h6 8. h3 dxc4 9. Bxc4 b5 10. Be2 Bb7 11. Bd2 a6 12. 0-0 c5 13. dxc5 Bxc5 14. a3 0-0 15. b4 Bd6 16. Rfd1 Rc8 17. Qd3 Ne5 18. Nxe5 Bxe5 19. Qxd8 Rfxd8 20. Rac1 Ne4 21. Nxe4 Rxc1 22. Bxc1 Rxd1+ 23. Bxd1 Bxe4 24. f3 Bc6 25. Kf2 Kf8 1/2-1/2

[Event "SVK-chT2D 10/11"]
[Site "Slovakia"]
[Date "2011.03.27"]
[Round "11.1"]
[White "Krak, Tomas"]
[Black "Fedorko, Stefan"]
[Result "1/2-1/2"]
[WhiteElo "2245"]
[BlackElo "2092"]
[PlyCount "79"]
[EventDate "2010.10.23"]
[EventType "team-tourn"]
[EventRounds "11"]
[EventCountry "SVK"]
[SourceTitle "EXT 2019"]
[Source "ChessBase"]
[SourceDate "2018.10.10"]
[SourceVersion "1"]
[SourceVersionDate "2018.10.10"]
[SourceQuality "1"]
[WhiteTeam "Kosice Slavia UPJS IV"]
[BlackTeam "Zborov Magura"]
[WhiteTeamCountry "SVK"]
[BlackTeamCountry "SVK"]

1. Nf3 Nf6 2. c4 g6 3. Nc3 Bg7 4. e4 d6 5. d4 0-0 6. Be2 e5 7. 0-0 exd4 8. Nxd4 Re8 9. f3 Nc6 10. Be3 Nh5 11. Qd2 Nf4 12. Rfd1 Nxd4 13. Bxd4 Qg5 14. Bf1 Bxd4+ 15. Qxd4 Ne6 16. Qd2 Qxd2 17. Rxd2 Kg7 18. Rad1 b6 19. Kf2 a5 20. b3 Ba6 21. g3 f6 22. Bh3 Kf7 23. Nd5 Ra7 24. Bxe6+ Rxe6 25. Rc1 Bc8 26. a3 Re8 27. b4 axb4 28. axb4 Be6 29. Nf4 Rea8 30. c5 bxc5 31. bxc5 Ra2 32. Rxa2 Rxa2+ 33. Ke3 Ra3+ 34. Kf2 Ra2+ 35. Ke3 g5 36. Ne2 Ra3+ 37. Kf2 d5 38. Rc3 Ra2 39. exd5 Bxd5 40. Ke3 1/2-1/2

[Event "SVK-chT1E 1011"]
[Site "Slovakia"]
[Date "2011.03.20"]
[Round "9"]
[White "Fedorko, Stefan"]
[Black "Prielozny, Stanislav"]
[Result "1-0"]
[WhiteElo "2092"]
[BlackElo "2167"]
[PlyCount "52"]
[EventDate "2010.11.06"]
[EventType "team-tourn"]
[EventRounds "11"]
[EventCountry "SVK"]
[SourceTitle "EXT 2012"]
[Source "ChessBase"]
[SourceDate "2011.11.24"]
[SourceVersion "1"]
[SourceVersionDate "2011.11.24"]
[SourceQuality "1"]
[WhiteTeam "Kosice Slavia"]
[BlackTeam "Rajecke Teplice"]
[WhiteTeamCountry "SVK"]
[BlackTeamCountry "SVK"]

1. d4 d5 2. c4 c6 3. Nc3 Nf6 4. Nf3 e6 5. e3 Nbd7 6. Qc2 Bd6 7. g4 Nxg4 8. Rg1 Nxh2 9. Nxh2 Bxh2 10. Rxg7 Qf6 11. Rxh7 Rxh7 12. Qxh7 Bd6 13. Bd2 Nf8 14. Qd3 Bd7 15. Qe2 Ng6 16. 0-0-0 0-0-0 17. e4 Bb4 18. e5 Qf5 19. Qe3 Bxc3 20. Qxc3 Qxf2 21. Qa5 a6 22. Qb6 Be8 23. Ba5 Qe3+ 24. Kb1 Rd7 25. Qa7 Rc7 26. Qa8+ Kd7 1-0

[Event "SVK-chT2D 10/11"]
[Site "Slovakia"]
[Date "2011.02.05"]
[Round "6.4"]
[White "Goban, Marek"]
[Black "Fedorko, Stefan"]
[Result "0-1"]
[WhiteElo "2126"]
[BlackElo "2092"]
[PlyCount "102"]
[EventDate "2010.10.23"]
[EventType "team-tourn"]
[EventRounds "11"]
[EventCountry "SVK"]
[SourceTitle "EXT 2019"]
[Source "ChessBase"]
[SourceDate "2018.10.10"]
[SourceVersion "1"]
[SourceVersionDate "2018.10.10"]
[SourceQuality "1"]
[WhiteTeam "Presov Tatran"]
[BlackTeam "Zborov Magura"]
[WhiteTeamCountry "SVK"]
[BlackTeamCountry "SVK"]

1. Nf3 Nf6 2. d4 g6 3. g3 Bg7 4. Bg2 0-0 5. 0-0 d6 6. c4 Nbd7 7. Nc3 c6 8. e4 e5 9. d5 c5 10. Ne1 Ne8 11. Nd3 f5 12. f4 exf4 13. Nxf4 fxe4 14. Ne6 Rxf1+ 15. Qxf1 Qf6 16. Bg5 Qxf1+ 17. Rxf1 Ne5 18. Nxg7 Kxg7 19. b3 Bf5 20. Bxe4 Nf7 21. Bc1 Bh3 22. Bg2 Bf5 23. Bb2 Kg8 24. Be4 Bh3 25. Rf4 a6 26. Bg2 Bxg2 27. Kxg2 b5 28. Ne4 bxc4 29. bxc4 Rb8 30. Bc3 Rb7 31. Rf2 Re7 32. Nf6+ Nxf6 33. Bxf6 Re4 34. Rb2 Nh6 35. Rb6 Nf5 36. Rxa6 Rxc4 37. Kf3 Kf7 38. Bh8 g5 39. g4 Rf4+ 40. Ke2 Rxg4 41. Kf2 Rc4 42. h3 h5 43. Ra7+ Kg6 44. Ra8 g4 45. hxg4 hxg4 46. Re8 Kg5 47. Re2 Kf4 48. Bf6 g3+ 49. Kg2 Ne3+ 50. Kh3 Kf3 51. Rb2 Rc1 0-1

[Event "SVK-chT1E 1011"]
[Site "Slovakia"]
[Date "2010.12.12"]
[Round "4.4"]
[White "Fedorko, Stefan"]
[Black "Palecek, Peter"]
[Result "0-1"]
[WhiteElo "2092"]
[BlackElo "2254"]
[PlyCount "140"]
[EventDate "2010.11.06"]
[EventType "team-tourn"]
[EventRounds "11"]
[EventCountry "SVK"]
[SourceTitle "EXT 2012"]
[Source "ChessBase"]
[SourceDate "2011.11.24"]
[SourceVersion "1"]
[SourceVersionDate "2011.11.24"]
[SourceQuality "1"]
[WhiteTeam "Kosice Slavia"]
[BlackTeam "Liptov Chess School"]
[WhiteTeamCountry "SVK"]
[BlackTeamCountry "SVK"]

1. d4 Nf6 2. c4 e6 3. Nc3 Bb4 4. Qc2 0-0 5. a3 Bxc3+ 6. Qxc3 b5 7. b3 Ne4 8. Qc2 f5 9. cxb5 c6 10. e3 cxb5 11. Bd3 Bb7 12. f3 Qh4+ 13. g3 Nxg3 14. Qf2 f4 15. exf4 Nf5 16. Bxf5 Qxf2+ 17. Kxf2 Rxf5 18. Ne2 Nc6 19. b4 Ne7 20. Bd2 Nd5 21. Rhg1 Rh5 22. Rg2 Rc8 23. Rc1 Rxc1 24. Bxc1 Nf6 25. Be3 a6 26. Bd2 Kf7 27. Be3 g6 28. Bd2 Bc6 29. Be3 Rh3 30. Ng1 Rh5 31. Ne2 Bd5 32. Nc3 Rh3 33. Nxd5 Nxd5 34. Bd2 Ke7 35. Ke2 Kd6 36. Rf2 Rh4 37. Kd3 Nxf4+ 38. Bxf4+ Rxf4 39. Ke3 Rf8 40. Rc2 Rb8 41. Ke4 g5 42. Rc5 h6 43. Ke3 Rg8 44. Rc2 Rf8 45. Rc5 Rf4 46. Rc8 Rh4 47. Ra8 Rxh2 48. Rxa6+ Kc7 49. a4 bxa4 50. Rxa4 Rb2 51. Ra8 Rxb4 52. Rh8 Kc6 53. Rxh6 Kd5 54. Rg6 Rb3+ 55. Kf2 Kxd4 56. Rxg5 Rb2+ 57. Kg3 e5 58. Rg7 d5 59. Rg4+ Kd3 60. Rg5 Re2 61. f4 exf4+ 62. Kxf4 d4 63. Kf3 Re8 64. Rf5 Kd2 65. Rf7 d3 66. Kf2 Kd1 67. Rf6 d2 68. Rc6 Rf8+ 69. Kg2 Rf5 70. Kg3 Ke2 0-1

[Event "SVK-chT 1011"]
[Site "Slovakia"]
[Date "2010.11.27"]
[Round "1.8"]
[White "Fedorko, Stefan"]
[Black "Lisko, Frantisek"]
[Result "0-1"]
[WhiteElo "2092"]
[BlackElo "2299"]
[PlyCount "76"]
[EventDate "2010.11.27"]
[EventType "team-tourn"]
[EventRounds "11"]
[EventCountry "SVK"]
[SourceTitle "CBM 139 Extra"]
[Source "ChessBase"]
[SourceDate "2011.01.05"]
[SourceVersion "1"]
[SourceVersionDate "2011.01.05"]
[SourceQuality "1"]
[WhiteTeam "Bardejov"]
[BlackTeam "Cadca"]
[WhiteTeamCountry "SVK"]
[BlackTeamCountry "SVK"]

1. d4 Nf6 2. c4 e6 3. Nc3 Bb4 4. Qc2 0-0 5. a3 Bxc3+ 6. Qxc3 b6 7. Bg5 c5 8. e3 d6 9. Bd3 Nbd7 10. Ne2 Ba6 11. 0-0 Rc8 12. Rac1 h6 13. Bh4 Qe7 14. Rfd1 Rc7 15. b4 cxd4 16. exd4 Bxc4 17. Bxc4 d5 18. Qb3 dxc4 19. Rxc4 Rfc8 20. Rdc1 Rxc4 21. Rxc4 Rxc4 22. Qxc4 a5 23. f3 axb4 24. axb4 g5 25. Bg3 Nd5 26. b5 h5 27. Qc6 h4 28. Bd6 Qd8 29. g3 N7f6 30. Ba3 Nh5 31. Kf2 Qf6 32. Qc8+ Kh7 33. Qc2+ Qg6 34. Qd2 g4 35. fxg4 Qxg4 36. Qd3+ Kg7 37. Qf3 Nhf6 38. Qxg4+ Nxg4+ 0-1

[Event "Kosice Kotan Memorial 2nd"]
[Site "Kosice"]
[Date "2010.06.30"]
[Round "6"]
[White "Sepesi, Ladislav"]
[Black "Fedorko, Stefan"]
[Result "0-1"]
[WhiteElo "1731"]
[BlackElo "2077"]
[PlyCount "42"]
[EventDate "2010.06.26"]
[EventType "swiss"]
[EventRounds "9"]
[EventCountry "SVK"]
[SourceTitle "CBM 137 Extra"]
[Source "ChessBase"]
[SourceDate "2010.09.01"]
[SourceVersion "1"]
[SourceVersionDate "2010.09.01"]
[SourceQuality "1"]

1. e4 e5 2. f4 exf4 3. Nf3 g5 4. Bc4 Bg7 5. 0-0 d6 6. c3 h6 7. d4 Nc6 8. b4 a6 9. Qb3 Qe7 10. h4 Bg4 11. Nh2 Bd7 12. g3 Nxd4 13. Qd1 Ne6 14. gxf4 gxf4 15. Bxf4 Qxh4 16. Qd5 Ne7 17. Qxb7 Bc6 18. Bxe6 Bxb7 19. Bxf7+ Kd8 20. e5 Bxe5 21. Bxe5 Qg5+ 0-1

[Event "SVK-chT1E 0910"]
[Site "Slovakia"]
[Date "2010.02.14"]
[Round "9.1"]
[White "Olsarova, Karolina"]
[Black "Fedorko, Stefan"]
[Result "1/2-1/2"]
[WhiteElo "2165"]
[BlackElo "2104"]
[PlyCount "58"]
[EventDate "2009.10.17"]
[EventType "team"]
[EventRounds "11"]
[EventCountry "SVK"]
[SourceTitle "EXT 2011"]
[Source "ChessBase"]
[SourceDate "2010.11.26"]
[SourceVersion "1"]
[SourceVersionDate "2010.11.26"]
[SourceQuality "1"]
[WhiteTeam "Liptov"]
[BlackTeam "Bardejov BSK"]
[WhiteTeamCountry "SVK"]
[BlackTeamCountry "SVK"]

1. e4 e5 2. Nf3 Nf6 3. Nxe5 d6 4. Nf3 Nxe4 5. d4 d5 6. Bd3 Nc6 7. 0-0 Be7 8. c4 Nb4 9. cxd5 Nxd3 10. Qxd3 Qxd5 11. Re1 Bf5 12. g4 Bg6 13. Nc3 Nxc3 14. Qxc3 c6 15. Qe3 0-0 16. Qxe7 Qxf3 17. Qe2 Qxe2 18. Rxe2 Rfe8 19. Rxe8+ Rxe8 20. Be3 Be4 21. Kf1 Bd3+ 22. Ke1 f5 23. Kd2 Be4 24. gxf5 Bxf5 25. d5 Rd8 26. Bxa7 Rxd5+ 27. Ke3 g6 28. Bd4 Kf7 29. Rc1 Ke6 1/2-1/2

[Event "SVK-chT2D 0910"]
[Site "Slovakia"]
[Date "2010.02.06"]
[Round "8.3"]
[White "Zambor, Norbert"]
[Black "Fedorko, Stefan"]
[Result "1/2-1/2"]
[WhiteElo "2242"]
[BlackElo "2104"]
[PlyCount "61"]
[EventDate "2009.10.10"]
[EventType "team"]
[EventRounds "11"]
[EventCountry "SVK"]
[SourceTitle "EXT 2011"]
[Source "ChessBase"]
[SourceDate "2010.11.26"]
[SourceVersion "1"]
[SourceVersionDate "2010.11.26"]
[SourceQuality "1"]
[WhiteTeam "Margecany"]
[BlackTeam "Magura Zborov"]
[WhiteTeamCountry "SVK"]
[BlackTeamCountry "SVK"]

1. e4 e5 2. Nf3 Nf6 3. Nxe5 d6 4. Nf3 Nxe4 5. Nc3 Nf6 6. d4 d5 7. Bd3 Be7 8. h3 0-0 9. 0-0 c6 10. Bf4 Re8 11. Re1 Nbd7 12. Qd2 Nf8 13. Ne2 Ne6 14. Be5 Bd6 15. Ng3 Bxe5 16. Rxe5 Bd7 17. Rae1 Qc7 18. c3 Nf8 19. Qf4 Rxe5 20. dxe5 Ne8 21. c4 dxc4 22. Bxc4 Be6 23. Ng5 Bxc4 24. Qxc4 h6 25. Nf3 Ne6 26. Nd4 Nxd4 27. Qxd4 c5 28. Qg4 Rd8 29. Nf5 Kh7 30. f4 Qd7 31. Qh5 1/2-1/2

[Event "SVK-chT2D 0910"]
[Site "Slovakia"]
[Date "2009.11.08"]
[Round "4.4"]
[White "Fedorko, Stefan"]
[Black "Regec, Viliam"]
[Result "1/2-1/2"]
[WhiteElo "2104"]
[BlackElo "2144"]
[PlyCount "64"]
[EventDate "2009.10.10"]
[EventType "team"]
[EventRounds "11"]
[EventCountry "SVK"]
[SourceTitle "EXT 2011"]
[Source "ChessBase"]
[SourceDate "2010.11.26"]
[SourceVersion "1"]
[SourceVersionDate "2010.11.26"]
[SourceQuality "1"]
[WhiteTeam "Magura Zborov"]
[BlackTeam "Prakovce"]
[WhiteTeamCountry "SVK"]
[BlackTeamCountry "SVK"]

1. d4 d6 2. c4 Nd7 3. Nc3 e5 4. Nf3 Be7 5. e4 Ngf6 6. Be2 c6 7. 0-0 Qc7 8. Qc2 Nf8 9. Rd1 Ng6 10. h3 0-0 11. Be3 Re8 12. Rac1 Bd8 13. b4 Qe7 14. d5 Bc7 15. a4 a5 16. dxc6 bxc6 17. b5 c5 18. Bg5 Bb7 19. Nd5 Bxd5 20. Rxd5 h6 21. Bxf6 Qxf6 22. g3 Ne7 23. Rd2 Nc8 24. Ne1 Nb6 25. Ng2 g6 26. Ne3 Kg7 27. Bd1 h5 28. Kg2 Qg5 29. h4 Qf6 30. Qd3 Qe6 31. Bc2 Qe7 32. Bd1 Qe6 1/2-1/2

[Event "SVK-chT1E 0910"]
[Site "Slovakia"]
[Date "2009.10.18"]
[Round "2.5"]
[White "Fedorko, Stefan"]
[Black "Debnar, Jan"]
[Result "0-1"]
[WhiteElo "2104"]
[BlackElo "2078"]
[PlyCount "88"]
[EventDate "2009.10.17"]
[EventType "team"]
[EventRounds "11"]
[EventCountry "SVK"]
[SourceTitle "EXT 2011"]
[Source "ChessBase"]
[SourceDate "2010.11.26"]
[SourceVersion "1"]
[SourceVersionDate "2010.11.26"]
[SourceQuality "1"]
[WhiteTeam "Bardejov BSK"]
[BlackTeam "Filakovo"]
[WhiteTeamCountry "SVK"]
[BlackTeamCountry "SVK"]

1. d4 Nf6 2. c4 g6 3. Nc3 Bg7 4. e4 d6 5. Be2 0-0 6. h4 h5 7. f3 e5 8. d5 c6 9. Nh3 Nh7 10. Ng5 Bf6 11. Qd2 Nxg5 12. hxg5 Be7 13. Bd3 Kg7 14. Qe3 Rh8 15. g3 Nd7 16. Bd2 Qb6 17. 0-0-0 Qxe3 18. Bxe3 a6 19. Rh2 f6 20. gxf6+ Nxf6 21. Bg5 Nxd5 22. Bxe7 Nxe7 23. Bc2 Rf8 24. Rd3 Rf6 25. b3 b5 26. Rhd2 Ra7 27. Bd1 bxc4 28. Rxd6 cxb3 29. axb3 Rb7 30. Na4 Rb5 31. Rxf6 Kxf6 32. Rd6+ Kf7 33. Be2 Rb4 34. Bc4+ Ke8 35. Nc5 a5 36. Nd3 Rb6 37. Nxe5 a4 38. bxa4 Rb4 39. Kc2 Rxa4 40. Bb3 Ra1 41. Nxc6 Bd7 42. Nxe7 Kxe7 43. Rxg6 Rg1 44. e5 Bf5+ 0-1

[Event "SVK-chT1E 0809"]
[Site "Slovakia"]
[Date "2009.03.08"]
[Round "11.1"]
[White "Fedorko, Stefan"]
[Black "Frink, Ferenc"]
[Result "0-1"]
[WhiteElo "2153"]
[BlackElo "2199"]
[PlyCount "94"]
[EventDate "2008.10.18"]
[EventType "team-tourn"]
[EventRounds "11"]
[EventCountry "SVK"]
[SourceTitle "EXT 2010"]
[Source "ChessBase"]
[SourceDate "2010.11.25"]
[SourceVersion "1"]
[SourceVersionDate "2010.11.25"]
[SourceQuality "1"]
[WhiteTeam "Bardejov BSK"]
[BlackTeam "Filakovo"]
[WhiteTeamCountry "SVK"]
[BlackTeamCountry "SVK"]

1. d4 Nf6 2. c4 Nc6 3. Nc3 e5 4. d5 Ne7 5. e4 Ng6 6. Bd3 Bc5 7. a3 a5 8. Na4 Ba7 9. c5 d6 10. b4 0-0 11. f3 Nh5 12. Ne2 Qh4+ 13. g3 Qh3 14. Kf2 Nhf4 15. gxf4 Nh4 16. Ng3 Qg2+ 17. Ke3 exf4+ 18. Kxf4 f5 19. Qf1 fxe4+ 20. Kxe4 Bh3 21. Qxg2 Bxg2 22. Kd4 Nxf3+ 23. Kc3 Bxh1 24. Nxh1 axb4+ 25. axb4 dxc5 26. Nxc5 Bxc5 27. Rxa8 Bd4+ 28. Kc4 Rxa8 29. Be4 Rf8 30. Ng3 Be5 31. d6 Bxd6 32. Bxb7 Nxh2 33. Ne4 Bf4 34. Ba3 h5 35. b5 Rd8 36. Bd5+ Kh7 37. Nc5 Re8 38. Ne6 g5 39. Bb2 Ng4 40. Be4+ Kg8 41. Nc5 Ne3+ 42. Kd3 Kf7 43. Bd4 Ng4 44. Bd5+ Kg6 45. Ne6 Nf6 46. Bb3 h4 47. Bc5 h3 0-1